[Event "Portugal Open 2018"]
[Site "Lisboa POR"]
[Date "2018.02.06"]
[Round "5.27"]
[White "Bulmaga, Irina"]
[Black "Ranaldi, Lucas"]
[Result "1-0"]
[BlackElo "2213"]
[WhiteElo "2411"]
[LiveChessVersion "1.4.8"]

1. e4 {[%clk 1:30:57]} c6 {[%clk 1:28:25]} 2. d4 {[%clk 1:31:17]} d5
{[%clk 1:28:51]} 3. e5 {[%clk 1:31:34]} Bf5 {[%clk 1:29:18]} 4. Nf3
{[%clk 1:31:55]} e6 {[%clk 1:29:45]} 5. Be2 {[%clk 1:32:16]} c5 {[%clk 1:30:09]}
6. Be3 {[%clk 1:30:30]} Qb6 {[%clk 1:30:33]} 7. Nc3 {[%clk 1:30:38]} Qxb2
{[%clk 1:30:56]} 8. Qb1 {[%clk 1:30:34]} Qxb1+ {[%clk 1:31:14]} 9. Rxb1
{[%clk 1:30:52]} c4 {[%clk 1:31:37]} 10. Rxb7 {[%clk 1:28:48]} Nc6
{[%clk 1:32:02]} 11. Nb5 {[%clk 1:14:23]} Nd8 {[%clk 1:32:30]} 12. Rxa7
{[%clk 1:03:02]} Rxa7 {[%clk 1:32:48]} 13. Nxa7 {[%clk 1:03:24]} Bxc2
{[%clk 1:32:46]} 14. Bd1 {[%clk 1:02:46]} Bxd1 {[%clk 1:22:44]} 15. Kxd1
{[%clk 1:03:08]} Ne7 {[%clk 1:22:11]} 16. Ke2 {[%clk 0:55:02]} Nec6
{[%clk 1:22:02]} 17. Nxc6 {[%clk 0:36:42]} Nxc6 {[%clk 1:22:29]} 18. Rb1
{[%clk 0:36:50]} Be7 {[%clk 0:50:33]} 19. Rb7 {[%clk 0:35:06]} Kd8
{[%clk 0:50:46]} 20. Bg5 {[%clk 0:33:36]} Re8 {[%clk 0:51:07]} 21. Bxe7+
{[%clk 0:32:58]} Rxe7 {[%clk 0:51:15]} 22. Rxe7 {[%clk 0:31:24]} Kxe7
{[%clk 0:50:48]} 23. Kd2 {[%clk 0:31:36]} h6 {[%clk 0:35:29]} 24. Kc3
{[%clk 0:31:38]} Kd7 {[%clk 0:20:34]} 25. h4 {[%clk 0:31:56]} Kc7
{[%clk 0:19:21]} 26. h5 {[%clk 0:32:09]} Kb6 {[%clk 0:19:05]} 27. Ne1
{[%clk 0:32:00]} Ka5 {[%clk 0:17:08]} 28. Nc2 {[%clk 0:28:45]} Ka4
{[%clk 0:15:58]} 29. g4 {[%clk 0:28:58]} Na7 {[%clk 0:09:19]} 30. f4
{[%clk 0:29:04]} Nc6 {[%clk 0:08:43]} 31. f5 {[%clk 0:23:34]} Ne7
{[%clk 0:07:44]} 32. Ne3 {[%clk 0:23:12]} Ng8 {[%clk 0:04:58]} 33. Ng2
{[%clk 0:21:59]} exf5 {[%clk 0:03:40]} 34. gxf5 {[%clk 0:22:17]} Ne7
{[%clk 0:04:07]} 35. Ne3 {[%clk 0:13:00]} f6 {[%clk 0:04:36]} 36. e6
{[%clk 0:12:02]} Kb5 {[%clk 0:04:46]} 37. a3 {[%clk 0:11:44]} Kc6
{[%clk 0:01:14]} 38. a4 {[%clk 0:10:12]} Kb6 {[%clk 0:01:29]} 39. Kb4
{[%clk 0:04:47]} Nc6+ {[%clk 0:01:57]} 40. Kc3 {[%clk 0:05:11]} Ne7
{[%clk 0:02:26]} 41. Ng2 {[%clk 0:04:11]} Nxf5 {[%clk 0:02:13]} 42. Nh4
{[%clk 0:04:33]} Ne7 {[%clk 0:00:36]} 43. Ng6 {[%clk 0:04:36]} Nf5
{[%clk 0:00:59]} 44. e7 {[%clk 0:04:13]} Nd6 {[%clk 0:01:29]} 45. Kb4
{[%clk 0:03:38]} Kc6 {[%clk 0:01:53]} 46. Nf4 {[%clk 0:02:47]} Ne8
{[%clk 0:01:35]} 47. a5 {[%clk 0:02:31]} Kd6 {[%clk 0:00:45]} 48. a6
{[%clk 0:02:21]} Nc7 {[%clk 0:00:50]} 49. a7 {[%clk 0:01:39]} Kxe7
{[%clk 0:01:14]} 50. Kc5 {[%clk 0:01:40]} c3 {[%clk 0:00:34]} 51. Nxd5+
{[%clk 0:01:51]} Kd7 {[%clk 0:00:45]} 52. Nxc3 {[%clk 0:01:39]} Na8
{[%clk 0:00:49]} 53. Nd5 {[%clk 0:02:01]} Kc8 {[%clk 0:00:34]} 54. Kc6
{[%clk 0:02:09]} 1-0

[Event "Portugal Open 2018"]
[Site "Lisboa POR"]
[Date "2018.02.06"]
[Round "5.28"]
[White "Luch, Michal"]
[Black "Fidalgo, Andre Neves"]
[Result "1-0"]
[BlackElo "2205"]
[WhiteElo "2396"]
[LiveChessVersion "1.4.8"]

1. c4 {[%clk 1:30:58]} Nf6 {[%clk 1:30:51]} 2. Nc3 {[%clk 1:30:33]} c5
{[%clk 1:30:59]} 3. g3 {[%clk 1:30:47]} g6 {[%clk 1:29:58]} 4. Bg2
{[%clk 1:31:14]} Bg7 {[%clk 1:30:22]} 5. a3 {[%clk 1:31:16]} Nc6 {[%clk 1:25:44]}
6. Rb1 {[%clk 1:31:43]} a5 {[%clk 1:14:09]} 7. d3 {[%clk 1:32:11]} O-O
{[%clk 1:13:52]} 8. Bg5 {[%clk 1:31:45]} d6 {[%clk 1:11:23]} 9. Qd2
{[%clk 1:27:27]} a4 {[%clk 1:04:32]} 10. Nf3 {[%clk 1:26:29]} Bd7
{[%clk 0:55:40]} 11. O-O {[%clk 1:25:38]} Re8 {[%clk 0:50:45]} 12. Bh6
{[%clk 1:21:21]} Bh8 {[%clk 0:31:02]} 13. h3 {[%clk 1:21:46]} Nd4
{[%clk 0:29:22]} 14. Kh2 {[%clk 1:19:07]} Bc6 {[%clk 0:22:08]} 15. e4
{[%clk 1:18:26]} Nxf3+ {[%clk 0:20:31]} 16. Bxf3 {[%clk 1:18:54]} e6
{[%clk 0:19:13]} 17. Bg5 {[%clk 1:16:17]} Qa5 {[%clk 0:17:20]} 18. Bg2
{[%clk 1:13:23]} Nd7 {[%clk 0:16:35]} 19. f4 {[%clk 1:13:06]} f6 {[%clk 0:11:58]}
20. Bh6 {[%clk 1:13:25]} Qd8 {[%clk 0:11:50]} 21. f5 {[%clk 1:05:41]} Ne5
{[%clk 0:11:58]} 22. fxe6 {[%clk 1:03:29]} Rxe6 {[%clk 0:11:34]} 23. h4
{[%clk 1:01:02]} Ng4+ {[%clk 0:09:50]} 24. Kh1 {[%clk 1:01:30]} Nxh6
{[%clk 0:10:03]} 25. Qxh6 {[%clk 1:01:58]} Bg7 {[%clk 0:10:25]} 26. Qf4
{[%clk 0:59:19]} Re5 {[%clk 0:10:09]} 27. Qg4 {[%clk 0:56:01]} Bd7
{[%clk 0:04:20]} 28. Qf3 {[%clk 0:55:57]} Be6 {[%clk 0:03:54]} 29. Nd1
{[%clk 0:54:27]} Qd7 {[%clk 0:03:55]} 30. b4 {[%clk 0:51:01]} axb3
{[%clk 0:03:48]} 31. Rxb3 {[%clk 0:51:29]} Bg4 {[%clk 0:03:04]} 32. Qf2
{[%clk 0:51:33]} Rb8 {[%clk 0:02:04]} 33. Ne3 {[%clk 0:51:15]} Be6
{[%clk 0:02:26]} 34. Rfb1 {[%clk 0:51:06]} Bh6 {[%clk 0:02:20]} 35. Nd5
{[%clk 0:49:31]} Bxd5 {[%clk 0:02:42]} 36. cxd5 {[%clk 0:49:51]} f5
{[%clk 0:01:51]} 37. Bh3 {[%clk 0:47:19]} Qf7 {[%clk 0:02:06]} 38. Rb6
{[%clk 0:45:00]} Bf8 {[%clk 0:02:10]} 39. a4 {[%clk 0:43:52]} Re7
{[%clk 0:01:51]} 40. exf5 {[%clk 0:38:19]} Qxd5+ {[%clk 0:01:56]} 41. Bg2
{[%clk 0:38:34]} Qxf5 {[%clk 0:01:37]} 42. Qxf5 {[%clk 0:38:33]} gxf5
{[%clk 0:02:02]} 43. Bxb7 {[%clk 0:39:01]} Kg7 {[%clk 0:02:06]} 44. a5
{[%clk 0:38:22]} Re2 {[%clk 0:01:55]} 45. Bd5 {[%clk 0:26:54]} Rxb6
{[%clk 0:01:43]} 46. axb6 {[%clk 0:26:59]} Re8 {[%clk 0:01:57]} 47. b7
{[%clk 0:27:18]} Rb8 {[%clk 0:02:23]} 48. Ra1 {[%clk 0:27:43]} 1-0

[Event "Portugal Open 2018"]
[Site "Lisboa POR"]
[Date "2018.02.06"]
[Round "5.29"]
[White "Koziol, Kamil"]
[Black "Klasan, Vladimir"]
[Result "1/2-1/2"]
[BlackElo "2381"]
[WhiteElo "2257"]
[LiveChessVersion "1.4.8"]

1. e4 {[%clk 1:28:37]} d5 {[%clk 1:30:51]} 2. exd5 {[%clk 1:29:01]} Qxd5
{[%clk 1:31:12]} 3. Nc3 {[%clk 1:29:27]} Qd6 {[%clk 1:31:32]} 4. d4
{[%clk 1:29:47]} Nf6 {[%clk 1:31:56]} 5. Nf3 {[%clk 1:29:47]} a6 {[%clk 1:32:14]}
6. g3 {[%clk 1:28:17]} Bg4 {[%clk 1:30:25]} 7. Bg2 {[%clk 1:27:37]} c6
{[%clk 1:26:39]} 8. O-O {[%clk 1:27:08]} e6 {[%clk 1:25:47]} 9. Re1
{[%clk 1:25:57]} Be7 {[%clk 1:19:20]} 10. h3 {[%clk 1:26:21]} Bxf3
{[%clk 1:18:59]} 11. Bxf3 {[%clk 1:24:20]} O-O {[%clk 1:17:09]} 12. Na4
{[%clk 1:08:03]} Qd8 {[%clk 1:09:40]} 13. c4 {[%clk 0:57:21]} b5 {[%clk 1:01:20]}
14. Nc3 {[%clk 0:49:22]} bxc4 {[%clk 0:54:47]} 15. Be3 {[%clk 0:30:27]} Nd5
{[%clk 0:51:43]} 16. Qe2 {[%clk 0:30:24]} Qb6 {[%clk 0:39:03]} 17. Rec1
{[%clk 0:27:50]} Nd7 {[%clk 0:36:25]} 18. Na4 {[%clk 0:25:31]} Qb5
{[%clk 0:30:34]} 19. Rxc4 {[%clk 0:22:57]} Rac8 {[%clk 0:25:39]} 20. Rac1
{[%clk 0:20:38]} Bd6 {[%clk 0:15:02]} 21. Kg2 {[%clk 0:18:50]} Rc7
{[%clk 0:14:23]} 22. Nc3 {[%clk 0:12:02]} Qb7 {[%clk 0:09:40]} 23. Ne4
{[%clk 0:12:29]} Be7 {[%clk 0:09:17]} 24. Bg5 {[%clk 0:11:55]} N7b6
{[%clk 0:04:29]} 25. Bxe7 {[%clk 0:10:53]} Nxe7 {[%clk 0:04:24]} 26. Rc5
{[%clk 0:07:10]} Rd8 {[%clk 0:04:05]} 27. Ra5 {[%clk 0:05:52]} Rxd4
{[%clk 0:02:20]} 28. Nc5 {[%clk 0:05:22]} Qc8 {[%clk 0:02:23]} 29. Qxa6
{[%clk 0:02:13]} Nbd5 {[%clk 0:02:28]} 30. Qe2 {[%clk 0:00:48]} Ng6
{[%clk 0:02:27]} 31. Kh2 {[%clk 0:00:37]} h6 {[%clk 0:02:01]} 32. a3
{[%clk 0:01:05]} Nde7 {[%clk 0:01:48]} 33. Bg2 {[%clk 0:00:42]} Qd8
{[%clk 0:01:49]} 34. Rc2 {[%clk 0:00:40]} Kh7 {[%clk 0:01:10]} 35. b4
{[%clk 0:00:51]} Qd6 {[%clk 0:00:59]} 36. Ne4 {[%clk 0:00:54]} Qd8
{[%clk 0:01:13]} 37. Nc5 {[%clk 0:01:04]} Qd6 {[%clk 0:01:37]} 1/2-1/2

[Event "Portugal Open 2018"]
[Site "Lisboa POR"]
[Date "2018.02.06"]
[Round "5.30"]
[White "Mihajlov, Sebastian"]
[Black "Romano, Joao Manuel Pereira"]
[Result "1-0"]
[BlackElo "1961"]
[WhiteElo "2378"]
[LiveChessVersion "1.4.8"]

1. d4 {[%clk 1:23:01]} Nf6 {[%clk 1:30:42]} 2. Nf3 {[%clk 1:23:25]} d5
{[%clk 1:30:31]} 3. e3 {[%clk 1:23:39]} e6 {[%clk 1:29:13]} 4. Bd3
{[%clk 1:23:48]} Nbd7 {[%clk 1:26:42]} 5. b3 {[%clk 1:23:31]} Be7
{[%clk 1:26:30]} 6. O-O {[%clk 1:23:46]} O-O {[%clk 1:25:07]} 7. Bb2
{[%clk 1:23:50]} b6 {[%clk 1:25:15]} 8. c4 {[%clk 1:22:10]} Bb7 {[%clk 1:25:00]}
9. Nc3 {[%clk 1:19:30]} c5 {[%clk 1:22:40]} 10. cxd5 {[%clk 1:19:43]} exd5
{[%clk 1:21:39]} 11. Rc1 {[%clk 1:19:07]} Ne4 {[%clk 1:16:29]} 12. Ne2
{[%clk 1:17:50]} Rc8 {[%clk 1:12:59]} 13. Nf4 {[%clk 1:13:14]} Bd6
{[%clk 1:06:21]} 14. dxc5 {[%clk 1:09:08]} bxc5 {[%clk 1:04:50]} 15. Bxe4
{[%clk 1:00:52]} dxe4 {[%clk 1:04:47]} 16. Qxd6 {[%clk 1:01:18]} exf3
{[%clk 1:05:07]} 17. Rfd1 {[%clk 1:01:45]} Nf6 {[%clk 1:01:23]} 18. Qe5
{[%clk 1:00:18]} Qc7 {[%clk 0:56:54]} 19. Qxc7 {[%clk 0:57:41]} Rxc7
{[%clk 0:57:21]} 20. Bxf6 {[%clk 0:58:04]} gxf6 {[%clk 0:57:45]} 21. Nd5
{[%clk 0:58:31]} Bxd5 {[%clk 0:55:54]} 22. Rxd5 {[%clk 0:58:57]} Rfc8
{[%clk 0:55:12]} 23. gxf3 {[%clk 0:59:22]} c4 {[%clk 0:53:51]} 24. bxc4
{[%clk 0:59:48]} Rxc4 {[%clk 0:54:16]} 25. Rxc4 {[%clk 1:00:14]} Rxc4
{[%clk 0:54:41]} 26. Ra5 {[%clk 1:00:41]} Rc7 {[%clk 0:55:07]} 27. Ra6
{[%clk 1:00:49]} Kg7 {[%clk 0:55:18]} 28. Kg2 {[%clk 1:01:09]} f5
{[%clk 0:52:57]} 29. Kg3 {[%clk 0:59:54]} f6 {[%clk 0:53:14]} 30. e4
{[%clk 0:58:50]} fxe4 {[%clk 0:52:56]} 31. fxe4 {[%clk 0:59:18]} Re7
{[%clk 0:49:59]} 32. f3 {[%clk 0:57:50]} Kg6 {[%clk 0:50:03]} 33. Kf4
{[%clk 0:57:51]} h6 {[%clk 0:49:33]} 34. h4 {[%clk 0:58:06]} h5 {[%clk 0:49:29]}
35. a4 {[%clk 0:57:42]} Kg7 {[%clk 0:49:43]} 36. Rd6 {[%clk 0:56:23]} Kg6
{[%clk 0:49:02]} 37. Ke3 {[%clk 0:55:26]} Re5 {[%clk 0:49:02]} 38. Rd5
{[%clk 0:55:32]} Re7 {[%clk 0:48:58]} 39. a5 {[%clk 0:55:25]} Rb7
{[%clk 0:48:56]} 40. Rd6 {[%clk 0:55:17]} Kf7 {[%clk 0:48:38]} 41. Rc6
{[%clk 0:54:42]} Rd7 {[%clk 0:48:25]} 42. a6 {[%clk 0:55:04]} 1-0

[Event "Portugal Open 2018"]
[Site "Lisboa POR"]
[Date "2018.02.06"]
[Round "5.31"]
[White "Martin Duque, Jesus"]
[Black "Gorny, Michael"]
[Result "1-0"]
[BlackElo "1836"]
[WhiteElo "2346"]
[LiveChessVersion "1.4.8"]

1. e4 {[%clk 1:27:52]} c5 {[%clk 1:30:55]} 2. Nf3 {[%clk 1:28:15]} d6
{[%clk 1:31:20]} 3. Bb5+ {[%clk 1:28:25]} Bd7 {[%clk 1:30:27]} 4. Bxd7+
{[%clk 1:28:47]} Qxd7 {[%clk 1:30:52]} 5. c4 {[%clk 1:28:50]} Nf6
{[%clk 1:30:50]} 6. Nc3 {[%clk 1:29:13]} g6 {[%clk 1:31:15]} 7. d4
{[%clk 1:29:19]} cxd4 {[%clk 1:31:40]} 8. Nxd4 {[%clk 1:29:44]} Bg7
{[%clk 1:31:57]} 9. f3 {[%clk 1:29:56]} O-O {[%clk 1:32:11]} 10. Be3
{[%clk 1:30:06]} Nc6 {[%clk 1:31:21]} 11. O-O {[%clk 1:30:14]} e6
{[%clk 1:31:13]} 12. Nde2 {[%clk 1:25:52]} Rfd8 {[%clk 1:24:46]} 13. Bg5
{[%clk 1:23:16]} Ne7 {[%clk 1:10:01]} 14. Qd2 {[%clk 1:18:22]} Rac8
{[%clk 1:08:04]} 15. b3 {[%clk 1:17:32]} a6 {[%clk 0:58:13]} 16. a4
{[%clk 1:17:01]} Qc7 {[%clk 0:55:59]} 17. Qf4 {[%clk 1:06:53]} Ne8
{[%clk 0:51:11]} 18. Qe3 {[%clk 1:03:20]} Rd7 {[%clk 0:47:18]} 19. Rad1
{[%clk 1:00:59]} Nc6 {[%clk 0:47:27]} 20. Kh1 {[%clk 0:58:10]} Na5
{[%clk 0:47:25]} 21. Rb1 {[%clk 0:57:11]} Nc6 {[%clk 0:46:50]} 22. Rfd1
{[%clk 0:56:59]} Ne5 {[%clk 0:46:26]} 23. Rbc1 {[%clk 0:55:20]} Nf6
{[%clk 0:44:00]} 24. h3 {[%clk 0:54:24]} Ne8 {[%clk 0:43:14]} 25. Rd2
{[%clk 0:51:50]} Nc6 {[%clk 0:41:46]} 26. Rcd1 {[%clk 0:50:21]} Na5
{[%clk 0:41:54]} 27. Na2 {[%clk 0:47:22]} b6 {[%clk 0:40:54]} 28. Rd3
{[%clk 0:44:39]} Nb7 {[%clk 0:37:41]} 29. R3d2 {[%clk 0:42:59]} Nc5
{[%clk 0:37:38]} 30. Nac1 {[%clk 0:42:34]} Qc6 {[%clk 0:37:11]} 31. Nd4
{[%clk 0:42:37]} Qc7 {[%clk 0:37:17]} 32. Nc2 {[%clk 0:41:06]} Qc6
{[%clk 0:37:12]} 33. Ne2 {[%clk 0:41:06]} Qc7 {[%clk 0:33:14]} 34. Bh4
{[%clk 0:37:27]} Qc6 {[%clk 0:31:49]} 35. Bg3 {[%clk 0:37:07]} Rcd8
{[%clk 0:31:42]} 36. Ned4 {[%clk 0:36:43]} Qa8 {[%clk 0:30:58]} 37. Bh2
{[%clk 0:35:35]} Qb7 {[%clk 0:29:13]} 38. Re2 {[%clk 0:32:30]} Nf6
{[%clk 0:28:29]} 39. Ree1 {[%clk 0:31:54]} Qa8 {[%clk 0:28:38]} 40. Qc3
{[%clk 0:30:16]} Qc8 {[%clk 0:27:05]} 41. Qb4 {[%clk 0:29:17]} Rb7
{[%clk 0:26:47]} 42. Qa3 {[%clk 0:29:22]} Bf8 {[%clk 0:26:54]} 43. Qa1
{[%clk 0:28:34]} Ncd7 {[%clk 0:27:01]} 44. Ne3 {[%clk 0:27:17]} Ne8
{[%clk 0:26:17]} 45. Qb1 {[%clk 0:26:26]} Nc5 {[%clk 0:26:08]} 46. Qc2
{[%clk 0:26:27]} Nd7 {[%clk 0:26:18]} 47. h4 {[%clk 0:25:37]} Bg7
{[%clk 0:26:03]} 48. Ne2 {[%clk 0:23:41]} Nf8 {[%clk 0:25:22]} 49. Qd3
{[%clk 0:23:33]} Rbd7 {[%clk 0:25:39]} 50. Bf4 {[%clk 0:22:13]} Qc5
{[%clk 0:24:01]} 51. Bg3 {[%clk 0:21:25]} Bh6 {[%clk 0:23:27]} 52. Ng4
{[%clk 0:21:03]} Bg7 {[%clk 0:23:47]} 53. Bf2 {[%clk 0:21:20]} Qc6
{[%clk 0:23:36]} 54. Bd4 {[%clk 0:20:21]} f6 {[%clk 0:21:06]} 55. Ne3
{[%clk 0:19:46]} Rc8 {[%clk 0:20:17]} 56. Ba1 {[%clk 0:18:45]} Qc5
{[%clk 0:20:25]} 57. Ng3 {[%clk 0:18:21]} Qc7 {[%clk 0:20:03]} 58. Kh2
{[%clk 0:17:16]} Rf7 {[%clk 0:19:40]} 59. Rf1 {[%clk 0:17:13]} Bh6
{[%clk 0:19:43]} 60. f4 {[%clk 0:14:31]} Re7 {[%clk 0:15:44]} 61. Ng4
{[%clk 0:14:16]} Bg7 {[%clk 0:16:04]} 62. f5 {[%clk 0:13:19]} e5 {[%clk 0:14:35]}
63. Ne3 {[%clk 0:13:31]} Rf7 {[%clk 0:14:50]} 64. Nd5 {[%clk 0:13:57]} Qc6
{[%clk 0:14:58]} 65. fxg6 {[%clk 0:13:43]} hxg6 {[%clk 0:15:23]} 66. Rf3
{[%clk 0:13:46]} b5 {[%clk 0:13:36]} 67. axb5 {[%clk 0:13:50]} axb5
{[%clk 0:14:05]} 68. cxb5 {[%clk 0:14:09]} Qc2 {[%clk 0:14:14]} 69. Qf1
{[%clk 0:14:09]} Ne6 {[%clk 0:14:15]} 70. b6 {[%clk 0:13:51]} Ra8
{[%clk 0:12:11]} 71. Rc3 {[%clk 0:11:54]} Qa2 {[%clk 0:12:14]} 72. Rdc1
{[%clk 0:10:33]} Bh6 {[%clk 0:12:22]} 73. R3c2 {[%clk 0:05:11]} Qa3
{[%clk 0:11:26]} 74. Bb2 {[%clk 0:04:26]} Qxb3 {[%clk 0:11:39]} 75. Rc8
{[%clk 0:04:37]} Rxc8 {[%clk 0:11:10]} 76. Rxc8 {[%clk 0:05:06]} Rf8
{[%clk 0:09:34]} 77. Bc1 {[%clk 0:04:22]} Bxc1 {[%clk 0:07:14]} 78. Qxc1
{[%clk 0:04:47]} Kg7 {[%clk 0:06:43]} 79. Qc6 {[%clk 0:04:41]} Nc5
{[%clk 0:06:59]} 80. Rxe8 {[%clk 0:04:26]} Rxe8 {[%clk 0:05:52]} 81. Qxe8
{[%clk 0:04:54]} Nxe4 {[%clk 0:06:21]} 82. Nxe4 {[%clk 0:05:05]} Qxd5
{[%clk 0:06:50]} 83. Qe7+ {[%clk 0:05:22]} 1-0

[Event "Portugal Open 2018"]
[Site "Lisboa POR"]
[Date "2018.02.06"]
[Round "5.32"]
[White "Dantas, Carlos"]
[Black "Damaso, Rui"]
[Result "1/2-1/2"]
[BlackElo "2445"]
[WhiteElo "2129"]
[LiveChessVersion "1.4.8"]

1. e4 {[%clk 1:30:54]} Nc6 {[%clk 1:17:23]} 2. Nf3 {[%clk 1:30:54]} e5
{[%clk 1:17:40]} 3. Bb5 {[%clk 1:30:45]} a6 {[%clk 1:18:01]} 4. Ba4
{[%clk 1:30:50]} Nf6 {[%clk 1:18:22]} 5. O-O {[%clk 1:31:14]} Be7
{[%clk 1:18:35]} 6. Re1 {[%clk 1:31:08]} b5 {[%clk 1:16:51]} 7. Bb3
{[%clk 1:31:31]} O-O {[%clk 1:16:47]} 8. d3 {[%clk 1:27:12]} d6 {[%clk 1:16:29]}
9. c3 {[%clk 1:27:03]} Nd7 {[%clk 1:13:03]} 10. a4 {[%clk 1:24:22]} Bb7
{[%clk 0:38:14]} 11. d4 {[%clk 1:10:59]} Bf6 {[%clk 0:37:08]} 12. axb5
{[%clk 0:59:37]} axb5 {[%clk 0:37:32]} 13. Rxa8 {[%clk 1:00:00]} Bxa8
{[%clk 0:36:53]} 14. Na3 {[%clk 1:00:18]} b4 {[%clk 0:30:41]} 15. Nc4
{[%clk 0:59:25]} Qb8 {[%clk 0:29:20]} 16. Ne3 {[%clk 0:43:38]} bxc3
{[%clk 0:25:52]} 17. bxc3 {[%clk 0:43:13]} exd4 {[%clk 0:16:21]} 18. cxd4
{[%clk 0:29:53]} Nxd4 {[%clk 0:13:31]} 1/2-1/2